000 01531nam a22001577a 4500
041 _aukr
080 _a09
090 _bШУЛ
100 _aШулятьєв О.І.
245 _aОсобливості функціонування антонімічних лексико-семантичних полів "Courage"/"Fear"
260 _aОстрог
_bКАФ
_c2010
300 _a52
520 _aВСТУП РОЗДІЛ 1 СЕМАНТИЧНЕ ПОЛЕ ТА ЙОГО ХАРАКТЕРИСТИКА. 1.1 Поняття "семантичне поле". 1.2 Структура семантичного поля (із урахування синонімії та антонімії). 1.3 Дослідження та будова лексико-семантичного поля (ЛСП). 1.4 Антонімія як лексико-семантичне явище. РОЗДІЛ 2 ХАРАКТЕРИСТИКА ЛЕКСИКИ НА ПОЗНАЧЕННЯ ХОРОБРОСТІ/СТРАХУ ЯК РИС ЛЮДСЬКОГО ХАРАКТЕРУ 2.1 Опис групи лексики на позначення хоробрості. 2.2 Опис групи лексики на позначення страху. 2.3 Поняття "хоробрість" (із урахуванням психологічного аспекту). 2.4 Поняття страху в науці та літературі. ВИСНОВКИ
_0семантичне поле,хоробрість,страх, характер
650 _aResearch Papers
999 _c284235
_d284235
942 _cBK